LEADER 05572 am 22008293u 450 001 996255449803316 005 20221206095650.0 010 $a1-906924-75-9 010 $a1-906924-45-7 010 $a2-8218-1715-0 010 $a1-906924-47-3 035 $a(CKB)2560000000103203 035 $a(EBL)3384101 035 $a(SSID)ssj0000715018 035 $a(PQKBManifestationID)11421732 035 $a(PQKBTitleCode)TC0000715018 035 $a(PQKBWorkID)10700417 035 $a(PQKB)11230598 035 $a(Au-PeEL)EBL3384101 035 $a(CaPaEBR)ebr10715016 035 $a(OCoLC)923317964 035 $a(MiAaPQ)EBC3384101 035 $a(FrMaCLE)OB-obp-513 035 $a(oapen)https://directory.doabooks.org/handle/20.500.12854/30008 035 $a(PPN)182835634 035 $a(EXLCZ)992560000000103203 100 $a20130614d2012 uy 0 101 0 $aeng 135 $aurmn#---||||| 181 $ctxt$2rdacontent 182 $cc$2rdamedia 183 $acr$2rdacarrier 200 04$aThe digital public domain$b[electronic resource] $efoundations for an open culture /$fedited by Melanie Dulong de Rosnay and Juan Carlos De Martin 210 $aCambridge $cOpen Book Publishers$d2012 215 $a1 online resource (xxv, 220 pages) $cillustrations; PDF file(s) 225 1 $aDigital Humanities Series 300 $aDescription based upon print version of record. 311 $a1-906924-46-5 320 $aIncludes bibliographical references. 327 $aForeword / ?r Charles R. Nesson -- ?t Introduction / ?r Melanie Dulong de Rosnay and Juan Carlos De Martin -- ?t The Public Domain Manifesto -- ?g I. ?t Introducing the Digital Public Domain -- ?t Communia and the European Public Domain Project: A Politics of the Public Domain / ?r Giancarlo Frosio -- ?g II. ?t Legal Framework -- ?t Consume and Share: Making Copyright Fit for the Digital Agenda / ?r Marco Ricolfi -- ?t Evaluating Directive 2001/29/EC in the Light of the Digital Public Domain / ?r Lucie Guibault -- ?t Building Digital Commons through Open Access Management of Copyright-related Rights / ?r Giuseppe Mazziotti -- ?g III. ?t The Digital Public Domain Developments and Case Studies -- ?t Contractually-constructed Research Commons: A Critical Economic Appraisal / ?r Enrico Bertacchini -- ?t Social Motivations and Incentives in Ex Situ Conservation of Microbial Genetic Resources / ?r Tom Dedeurwaerdere, Per M. Stromberg and Unai Pascual -- ?t Open Knowledge: Promises and Challenges / ?r Rufus Pollock and Jo Walsh -- ?t Science Commons: Building the Research / ?r Web Kaitlin Thaney -- ?t The DRIVER Project: The Socio-economic Benefits of a European Scientific Commons / ?r Karen Van Godtsenhoven -- ?t CC REL: The Creative Commons Rights Expression Language / ?r Hal Abelson, Ben Adida, Mike Linksvayer and Nathan Yergler -- ?t The Value of Registering Creative Works / ?r Roland Alton-Scheidl, Joe Benso and Martin Springer -- ?t Select Bibliography of Resources Cited -- ?t Websites -- ?t Reports, Conference Papers and Working Papers. 330 $a"Digital technology has made culture more accessible than ever before. Texts, audio, pictures and video can easily be produced, disseminated, used and remixed using devices that are increasingly user-friendly and affordable. However, along with this technological democratization comes a paradoxical flipside: the norms regulating culture's use--copyright and related rights--have become increasingly restrictive. This book brings together essays by academics, librarians, entrepreneurs, activists and policy makers, who were all part of the EU-funded Communia project. Together the authors argue that the Public Domain--that is, the informational works owned by all of us, be that literature, music, the output of scientific research, educational material or public sector information--is fundamental to a healthy society. The essays range from more theoretical papers on the history of copyright and the Public Domain, to practical examples and case studies of recent projects that have engaged with the principles of Open Access and Creative Commons licensing. The book is essential reading for anyone interested in the current debate about copyright and the Internet. It opens up discussion and offers practical solutions to the difficult question of the regulation of culture at the digital age"--Publisher's description. 606 $aPublic domain (Copyright law) 606 $aDigital rights management 606 $aCopyright and electronic data processing 610 $acopyright 610 $acultural studies 610 $acommunia 610 $acreative commons 610 $ainternet regulation 610 $athe commons 610 $alicensing 610 $adigitization 610 $adigital age 610 $acopyright law 610 $aopen culture 610 $aIntellectual property 610 $aPublic domain 610 $aResource Description Framework 615 0$aPublic domain (Copyright law) 615 0$aDigital rights management. 615 0$aCopyright and electronic data processing. 676 $a346.048 700 $aDulong de Rosnay$b Melanie$4edt$01249542 701 $aRosnay$b Melanie Dulong de$0934275 701 $aMartin$b Juan Carlos de$0934276 801 0$bMiAaPQ 801 1$bMiAaPQ 801 2$bMiAaPQ 906 $aBOOK 912 $a996255449803316 996 $aThe digital public domain$93358298 997 $aUNISA LEADER 03913nam 2200457 450 001 9910794629403321 005 20240108163748.0 035 $a(CKB)4110000000007598 035 $a(CaSebORM)9781788471459 035 $a(MiAaPQ)EBC5254609 035 $a(Au-PeEL)EBL5254609 035 $a(CaPaEBR)ebr11505161 035 $a(OCoLC)1022782611 035 $a(EXLCZ)994110000000007598 100 $a20180223h20182018 uy 0 101 0 $aeng 135 $aurcn####||||| 181 $ctxt$2rdacontent 182 $cc$2rdamedia 183 $acr$2rdacarrier 200 10$aHands-on microservices with Kotlin $ebuild reactive and cloud-native microservices with Kotlin using Spring 5 and Spring Boot 2.0 /$fJuan Antonio Medina Iglesias 205 $aFirst edition 210 1$aBirmingham, England :$cPackt Publishing,$d2018. 210 4$d2018 215 $a1 online resource (414 pages) 300 $aIncludes index. 311 $a1-78847-145-8 330 $aBuild smart, efficient, and fast enterprise-grade web implementation of the microservices architecture that can be easily scaled. About This Book Write easy-to-maintain lean and clean code with Kotlin for developing better microservices Scale your Microserivces in your own cloud with Docker and Docker Swarm Explore Spring 5 functional reactive web programming with Spring WebFlux Who This Book Is For If you are a Kotlin developer with a basic knowledge of microservice architectures and now want to effectively implement these services on enterprise-level web applications, then this book is for you What You Will Learn Understand microservice architectures and principles Build microservices in Kotlin using Spring Boot 2.0 and Spring Framework 5.0 Create reactive microservices that perform non-blocking operations with Spring WebFlux Use Spring Data to get data reactively from MongoDB Test effectively with JUnit and Kotlin Create cloud-native microservices with Spring Cloud Build and publish Docker images of your microservices Scaling microservices with Docker Swarm Monitor microservices with JMX Deploy microservices in OpenShift Online In Detail With Google's inclusion of first-class support for Kotlin in their Android ecosystem, Kotlin's future as a mainstream language is assured. Microservices help design scalable, easy-to-maintain web applications; Kotlin allows us to take advantage of modern idioms to simplify our development and create high-quality services. With 100% interoperability with the JVM, Kotlin makes working with existing Java code easier. Well-known Java systems such as Spring, Jackson, and Reactor have included Kotlin modules to exploit its language features. This book guides the reader in designing and implementing services, and producing production-ready, testable, lean code that's shorter and simpler than a traditional Java implementation. Reap the benefits of using the reactive paradigm and take advantage of non-blocking techniques to take your services to the next level in terms of industry standards. You will consume NoSQL databases reactively to allow you to create high-throughput microservices. Create cloud-native microservices that can run on a wide range of cloud providers, and monitor them. You will create Docker containers for your microservices and scale them. Finally, you will deploy your microservices in OpenShift Online. Style and approach This book guides the reader in designing and implementing services, achievin... 606 $aMobile apps$xDevelopment 606 $aWeb applications$xDevelopment 615 0$aMobile apps$xDevelopment. 615 0$aWeb applications$xDevelopment. 676 $a650.0285535 700 $aIglesias$b Juan Antonio Medina$01559656 801 0$bMiAaPQ 801 1$bMiAaPQ 801 2$bMiAaPQ 906 $aBOOK 912 $a9910794629403321 996 $aHands-on microservices with Kotlin$93824989 997 $aUNINA